000 006090000a22001810004500
001 768714001
003 CO-MdFUSB
005 20161123153642.0
008 161123s1997 sp ||||| |||| 00| 0 spa d
022 _a0014-1437
040 _aCO-MdFUSB
_bspa
_cCO-MdFUSB
_dCO-MdFUSB
041 _aspa
100 1 _aAlonso Schökel, Luis (1920-)
_eautor
245 1 0 _aGn 35:28-29 :
_bMuerte de Isaac y reconciliación Fraterna
300 _aVolumen 55. Número 3 (1997), Páginas 287-295
_c23 cm.
773 0 _tEstudios Bíblicos
_049452
_960476
_gVolumen 55. Número 3 (1997), Páginas 287-295
_qPágina 287
942 _cANA
999 _c50167
_d50167